| 000 | 00370pab a2200145 454500 | ||
|---|---|---|---|
| 008 | 180718b2002 xxu||||| |||| 00| 0 eng d | ||
| 100 | _aPradhan, G.C. | ||
| 245 | _aComparative reliability between marking and grading | ||
| 260 | _c2002 | ||
| 300 | _ap.14-17,20. | ||
| 362 | _a18 Mar | ||
| 650 | _aEducational evaluation | ||
| 773 | _aUniversity News | ||
| 909 | _a51900 | ||
| 999 |
_c51900 _d51900 |
||